000 00576nam a2200193Ia 4500
003 LK-CoDNM
005 20240315101850.0
008 010623t1899 xxu||||| |||| 00| 1 sin d
040 _aLK-CoDNM
_dLK-CoDNM
_eLK-CoDNM
041 _asin
080 _a104 EE44
100 _aFernando,D.D.S
245 _aමුණිගුණ අලංකාරය
246 _aMuniguna Alankaaraya saha Abhinava Mangalyashtaka Jayamangala Sirasa Paada Potha
260 _bJinalankara Press
_aColombo
_c1899
300 _bDamaged
_a19p.,21 cm
650 _aJayamangala Gaatha
942 _cBK
999 _c84890
_d84890